MARC details
| 000 -LEADER |
| fixed length control field |
01782cab a2200481 4500 |
| 001 - CONTROL NUMBER |
| control field |
ABS54337 |
| 008 - FIXED-LENGTH DATA ELEMENTS--GENERAL INFORMATION |
| fixed length control field |
090401t1995 xxu||||| |||| 00| 0 eng d |
| 035 ## - SYSTEM CONTROL NUMBER |
| System control number |
(Sirsi) u9878 |
| 041 ## - LANGUAGE CODE |
| Language code of text/sound track or separate title |
eng |
| 100 ## - MAIN ENTRY--PERSONAL NAME |
| Personal name |
Pearlman, J.J. |
| 245 ## - TITLE STATEMENT |
| Title |
Modification orders made under Wildlife and Countryside Act 1981: an update |
| 260 ## - PUBLICATION, DISTRIBUTION, ETC. |
| Date of publication, distribution, etc. |
1995 |
| 350 ## - PRICE (NR) (BK AM CF MU VM SE) [OBSOLETE] |
| Price |
0 |
| 490 ## - SERIES STATEMENT |
| Series statement |
Journal of Planning and Environment Law |
| Volume/sequential designation |
December 1995, 1106-1113(8) |
| 520 ## - SUMMARY, ETC. |
| Summary, etc. |
Update on case law dealing with modification orders made under the Wildlife and Countryside Act 1981 for removing public rights of way from definitive maps. |
| 650 ## - SUBJECT ADDED ENTRY--TOPICAL TERM |
| Topical term or geographic name entry element |
BARRATT V SOS ENVIRONMENT AND BUCKINGHAMSHIRE CC |
| 650 ## - SUBJECT ADDED ENTRY--TOPICAL TERM |
| Topical term or geographic name entry element |
BRIDLEWAYS |
| 650 ## - SUBJECT ADDED ENTRY--TOPICAL TERM |
| Topical term or geographic name entry element |
COUNTRYSIDE ACT 1968 |
| 650 ## - SUBJECT ADDED ENTRY--TOPICAL TERM |
| Topical term or geographic name entry element |
DOE CIRCULAR 02/1993 |
| 650 ## - SUBJECT ADDED ENTRY--TOPICAL TERM |
| Topical term or geographic name entry element |
FOOTPATHS |
| 650 ## - SUBJECT ADDED ENTRY--TOPICAL TERM |
| Topical term or geographic name entry element |
HIGHWAYS ACT 1990 |
| 650 ## - SUBJECT ADDED ENTRY--TOPICAL TERM |
| Topical term or geographic name entry element |
INCLOSURE AWARDS |
| 650 ## - SUBJECT ADDED ENTRY--TOPICAL TERM |
| Topical term or geographic name entry element |
LASHAM PARISH COUNCIL V HAMPSHIRE CC |
| 650 ## - SUBJECT ADDED ENTRY--TOPICAL TERM |
| Topical term or geographic name entry element |
MAYHEW V SOS ENVIRONEMT |
| 650 ## - SUBJECT ADDED ENTRY--TOPICAL TERM |
| Topical term or geographic name entry element |
MORGAN V HERTFORDSHIRE CC |
| 650 ## - SUBJECT ADDED ENTRY--TOPICAL TERM |
| Topical term or geographic name entry element |
NATIONAL PARKS AND ACCESS TO THE COUNTRYSIDE ACT 1949 |
| 650 ## - SUBJECT ADDED ENTRY--TOPICAL TERM |
| Topical term or geographic name entry element |
PUBLIC RIGHTS OF WAY |
| 650 ## - SUBJECT ADDED ENTRY--TOPICAL TERM |
| Topical term or geographic name entry element |
R V CORNWALL CC EX P HUNTINGTON |
| 650 ## - SUBJECT ADDED ENTRY--TOPICAL TERM |
| Topical term or geographic name entry element |
R V ISLE OF WIGHT CC EX P O'KEEFE |
| 650 ## - SUBJECT ADDED ENTRY--TOPICAL TERM |
| Topical term or geographic name entry element |
R V SOS ENVIRONMENT EX P BAGSHAW AND ANOTHER |
| 650 ## - SUBJECT ADDED ENTRY--TOPICAL TERM |
| Topical term or geographic name entry element |
R V SOS ENVIRONMENT EX P FOWLER |
| 650 ## - SUBJECT ADDED ENTRY--TOPICAL TERM |
| Topical term or geographic name entry element |
R V SOS ENVIRONMENT EX P KENT CC |
| 650 ## - SUBJECT ADDED ENTRY--TOPICAL TERM |
| Topical term or geographic name entry element |
R V SOS ENVIRONMENT EX P SMITH AND ANOTHER |
| 650 ## - SUBJECT ADDED ENTRY--TOPICAL TERM |
| Topical term or geographic name entry element |
R V SOS ENVIRONMENT EX P ANDREWS |
| 650 ## - SUBJECT ADDED ENTRY--TOPICAL TERM |
| Topical term or geographic name entry element |
RIGHTS OF WAY |
| 650 ## - SUBJECT ADDED ENTRY--TOPICAL TERM |
| Topical term or geographic name entry element |
ROBINSON V ADAIR |
| 650 ## - SUBJECT ADDED ENTRY--TOPICAL TERM |
| Topical term or geographic name entry element |
RUBENSTEIN V SOS ENVIRONMENT |
| 650 ## - SUBJECT ADDED ENTRY--TOPICAL TERM |
| Topical term or geographic name entry element |
RYLAND V SOS ENVIRONMENT AND BUCKINGHAMSHIRE CC |
| 650 ## - SUBJECT ADDED ENTRY--TOPICAL TERM |
| Topical term or geographic name entry element |
WILDLIFE AND COUNTRYSIDE ACT 1981 |
| 690 ## - LOCAL SUBJECT ADDED ENTRY--TOPICAL TERM (OCLC, RLIN) |
| Topical term or geographic name as entry element |
HIGHWAYS RIGHTS OF WAY AND EASEMENTS |
| 942 ## - ADDED ENTRY ELEMENTS (KOHA) |
| Suppress in OPAC |
0 |
| 948 ## - LOCAL PROCESSING INFORMATION (OCLC); SERIES PART DESIGNATOR (RLIN) |
| c (OCLC) |
04/03/1997 |